The Encyclopedic Dictionary Of Economics (Record no. 3526)

MARC details
005 - DATE AND TIME OF LATEST TRANSACTION
control field 20250609133344.0
020 ## - INTERNATIONAL STANDARD BOOK NUMBER
International Standard Book Number 0-87967-606-X
082 ## - DEWEY DECIMAL CLASSIFICATION NUMBER
Classification number REF 330.03 WAG
245 ## - TITLE STATEMENT
Title The Encyclopedic Dictionary Of Economics
250 ## - EDITION STATEMENT
Edition statement 3rd Ed.
260 ## - PUBLICATION, DISTRIBUTION, ETC.
Place of publication, distribution, etc. New York,
Name of publisher, distributor, etc. The Dushkin Publishing Group Inc,
Date of publication, distribution, etc. 1986.
300 ## - PHYSICAL DESCRIPTION
Extent ix, 267p.: ill.; graph, map, picture.
Other physical details Bibliographies.
Dimensions 24cm.
700 ## - ADDED ENTRY--PERSONAL NAME
Other authors/Editors WAGONER, W. D, JEFFRESS, P. W, JOHSON, M. S, McClain, J. J, RYAN, T. & WHITNEY, G. A.
942 ## - ADDED ENTRY ELEMENTS (KOHA)
Source of classification or shelving scheme Dewey Decimal Classification
Koha item type Books
Holdings
Date last seen Total checkouts Full call number Barcode Cost, replacement price Price effective from Koha item type Lost status Source of classification or shelving scheme Damaged status Not for loan Withdrawn status Home library Current library Shelving location Date acquired Cost, normal purchase price
06/09/2025   REF 330.03 WAG 00000011727 30000.00 06/09/2025 Books   Dewey Decimal Classification       College of Business Education Main Library College of Business Education Main Library Reference Collection 03/01/1995 10000.00